| 000 | 00935ngm a22003010a 4500 | ||
|---|---|---|---|
| 001 | PT33259 | ||
| 003 | AR-LpoUNG | ||
| 005 | 20210201232313.0 | ||
| 007 | co ||u|||uuuuu | ||
| 008 | 191001s2009||||ag |||||||||||||||||spa d | ||
| 040 |
_aAR-LpoUNG _bspa _cAR-LpoUNG _eaacr |
||
| 041 | _aspa | ||
| 044 | _aag | ||
| 082 | 0 | _a940.1 673-11/3 | |
| 100 | 1 | _aMurrai, O. | |
| 245 | 1 | 0 |
_aHistoria antigua y alto medieval 2009 : _bunidad 11 |
| 260 |
_aBuenos Aires : _bs.n., _c2009. |
||
| 505 | 0 | _aMaterial adaptado por la Biblioteca Digital y Sonora de la UByD, preparado con fines de estudio o recreación, para uso exclusivo y personal de usuarios no videntes, o con otras discapacidades perceptivas. | |
| 650 | 4 | _aHISTORIA | |
| 651 | 4 | _aMundial | |
| 653 | _aDISCAPACIDAD VISUAL | ||
| 653 | _aEDAD MEDIA | ||
| 653 | _aHISTORIA ANTIGUA | ||
| 700 | 1 | _aFinlei, M. | |
| 700 | 1 | _aGschnitzer, F. | |
| 905 | _a33259 | ||
| 942 | _cCDDVD | ||
| 999 |
_c53300 _d53300 |
||